LIBRARY & INFORMATION CENTRE, KCAET, TAVANUR

ONLINE PUBLIC ACCESS CATALOGUE (OPAC)

Introduction to geographical information system / (Record no. 13177)

MARC details
000 -LEADER
fixed length control field 00490cam a2200181ua 4500
041 ## - LANGUAGE CODE
Language code of text/sound track or separate title eng
082 ## - DEWEY DECIMAL CLASSIFICATION NUMBER
Classification number 550.006
Item number NAG/IN
100 ## - MAIN ENTRY--AUTHOR NAME
Personal name Nag, Pritvish .
245 ## - TITLE STATEMENT
Title Introduction to geographical information system /
260 ## - PUBLICATION, DISTRIBUTION, ETC. (IMPRINT)
Place of publication New Delhi :
Name of publisher Concept Publishing Company ,
Year of publication 2008.
300 ## - PHYSICAL DESCRIPTION
Number of Pages 398 ; .
700 1# - ADDED ENTRY--PERSONAL NAME
Personal name Sengupta, Smitha .
942 ## - ADDED ENTRY ELEMENTS (KOHA)
Koha item type Books
Holdings
Withdrawn status Lost status Damaged status Home library Current library Date acquired Full call number Accession Number Koha item type
      KAUAET KAUAET 07/04/2012 550.006 NAG/IN 21521 Books
free website counter